[Event "Druzynowe Mistrzostwa Polski Juniorow - II liga"]
[Site "Sypniewo k. Jastowia"]
[Date "2024-06-17"]
[Round "1.89"]
[White "Sliwicka, Weronika"]
[Black "Michalak, Katarzyna"]
[Result "1-0"]
[WhiteTitle "I"]
[BlackTitle "I"]
[WhiteElo "1795"]
[BlackElo "1702"]

1. e4 c6 2. d4 d5 3. e5 e6 4. c4 dxc4 5. Bxc4 Bb4+ 6. Nc3 Ne7 7. Nf3 O-O 8. O-O
Nd5 9. Ne4 Nd7 10. Qd3 h6 11. Bxd5 cxd5 12. Neg5 f5 13. Nxe6 Nxe5 14. Nxe5 Bxe6
15. Bd2 Bd6 16. Rfe1 Rc8 17. f4 Qb6 18. Bc3 g5 19. fxg5 hxg5 20. Nf3 g4 21. Ne5
Kg7 22. g3 Kf6 23. Qe3 Rce8 24. Qh6+ Ke7 25. Qg5+ Rf6 26. Qg7+ Kd8 27. Qxf6+ Be7
28. Nc6+ 1-0

[Event "Druzynowe Mistrzostwa Polski Juniorow - II liga"]
[Site "Sypniewo k. Jastowia"]
[Date "2024-06-17"]
[Round "1.90"]
[White "Tkacz, Katarzyna"]
[Black "Terekhova, Svitlana"]
[Result "1-0"]
[WhiteTitle "I"]
[BlackTitle "III"]
[WhiteElo "1666"]
[BlackElo "1628"]

1. e4 e5 2. Nf3 Nc6 3. Nc3 Nf6 4. d4 Bb4 5. d5 Ne7 6. Bd3 Bxc3+ 7. bxc3 d6 8. Bg5
Nd7 9. O-O Nc5 10. Be3 Nxd3 11. cxd3 h6 12. Qa4+ c6 13. Rab1 O-O 14. c4 Bg4 15.
Qd1 cxd5 16. cxd5 b6 17. h3 Bh5 18. g4 Bg6 19. Nh4 Rb8 20. Nf5 Bxf5 21. gxf5 Nc8
22. Qg4 Qf6 23. Rbc1 Kh7 24. Kh2 g6 25. fxg6+ Qxg6 26. Qxg6+ fxg6 27. Rc7+ Kg8
28. Bxh6 Rf7 29. Rxf7 Kxf7 30. Rc1 b5 31. Rc7+ Ke8 32. Rg7 Ne7 33. Bg5 Rb7 34.
Bxe7 Rxe7 35. Rxg6 Kd7 36. Rg8 Re8 37. Rg7+ Re7 38. Rg1 Rf7 39. Rf1 Rf3 40. h4
Rxd3 41. h5 Rf3 42. Kg2 Rf4 43. h6 b4 44. h7 Rf8 45. Rh1 Rh8 46. Kf3 a5 47. Ke3
Kc7 48. Kd3 Kb6 49. Kc4 Ka6 50. Rh6 Rc8+ 51. Kb3 Rc3+ 52. Kb2 Kb5 53. h8=Q Kc5
54. Rh3 Rc4 55. Qc8+ Kd4 56. Qe6 a4 57. Qxd6 a3+ 58. Kb3 Rc3+ 59. Rxc3 bxc3 60.
Qh6 Kxe4 61. Kxa3 Kxd5 62. Qe3 c2 63. Kb2 1-0

[Event "Druzynowe Mistrzostwa Polski Juniorow - II liga"]
[Site "Sypniewo k. Jastowia"]
[Date "2024-06-17"]
[Round "1.91"]
[White "Skrzypinski, Jan"]
[Black "Serewa, Antoni"]
[Result "0-1"]
[WhiteTitle "I++"]
[BlackTitle "I"]
[WhiteElo "1942"]
[BlackElo "1890"]

1. e4 c5 2. b4 cxb4 3. a3 d5 4. exd5 Qxd5 5. Nf3 e6 6. axb4 Bxb4 7. c3 Be7 8. Na3
Nc6 9. d4 Qd8 10. Bd3 Nf6 11. O-O O-O 12. Ne5 Nxe5 13. dxe5 Nd5 14. Qc2 g6 15.
Rd1 Qc7 16. Bb2 Bd7 17. Be4 Nb6 18. Re1 Na4 19. Nb1 Nxb2 20. Qxb2 Bc6 21. Nd2
Rfd8 22. Nf3 Bxe4 23. Rxe4 Rd3 24. c4 Qc6 25. Qe2 Rad8 26. h4 a6 27. h5 Qd7 28.
Kh2 Rd1 29. Rxd1 Qxd1 30. Qe3 Qd3 31. Qf4 b5 32. cxb5 axb5 33. Nd4 Re8 34. Re3
Qc4 35. Rf3 Rf8 36. Rg3 Rd8 37. Rg4 Bc5 38. hxg6 fxg6 39. Qf6 Rxd4 40. Rxd4 Qxd4
41. Qxe6+ Kf8 42. Qf6+ Ke8 43. Qe6+ Be7 44. Qc6+ Qd7 45. Qa8+ Bd8 46. Qa2 Qf7
47. Qd2 Qe6 48. f4 Be7 49. Qd4 Kf7 50. Qa7 b4 51. Qb8 Kg7 52. Qc7 Qf7 53. f5 gxf5
54. e6 Qxe6 55. Qg3+ Qg6 56. Qe5+ Qf6 57. Qg3+ Kf7 58. Qb3+ Qe6 59. Qb1 b3 60.
Qf1 Qh6+ 61. Kg3 Qh4+ 62. Kf3 Qe4+ 63. Kg3 Bh4+ 64. Kh2 Bf6 65. g3 b2 66. g4 b1=Q
67. gxf5 Be5+ 0-1

[Event "Druzynowe Mistrzostwa Polski Juniorow - II liga"]
[Site "Sypniewo k. Jastowia"]
[Date "2024-06-17"]
[Round "1.92"]
[White "Rzenca, Jerzy"]
[Black "Stachowiak, Bruno"]
[Result "1/2-1/2"]
[WhiteTitle "I"]
[BlackTitle "II+"]
[WhiteElo "1875"]
[BlackElo "1815"]

1. e4 c5 2. Nf3 Nc6 3. Bb5 g6 4. O-O Bg7 5. Re1 e5 6. Bxc6 dxc6 7. d3 Ne7 8. Be3
b6 9. a3 a5 10. a4 Qc7 11. Na3 O-O 12. Nc4 Be6 13. b3 h6 14. Qc1 Kh7 15. Qb2 Bxc4
16. bxc4 g5 17. h4 gxh4 18. Nxh4 f5 19. Bd2 f4 20. Bc3 f3 21. Nxf3 Rxf3 22. gxf3
Ng6 23. Kf1 Rf8 24. Ke2 Qf7 25. Kd1 Qxf3+ 26. Kc1 Qg2 27. Qb3 Rxf2 28. Kb2 Qf3
29. Rad1 Nf4 30. Rd2 Rxd2 31. Bxd2 Qf2 32. Kc1 Ne2+ 33. Kd1 Nd4 34. Qxb6 Nf3 35.
Qxa5 Nxe1 36. Bxe1 Qf3+ 37. Kc1 Qf1 38. Qd2 Qf8 39. Qf2 Qa8 40. Qf5+ Kh8 41. a5
Qb7 42. Bc3 Qc7 43. Qe6 Kh7 44. Qe8 Bf6 45. Qa8 Bg5+ 46. Bd2 Bxd2+ 47. Kxd2 Qf7
48. Kc1 Qf2 49. Qb7+ Kg8 50. a6 Qg1+ 51. Kb2 Qd4+ 52. Kb3 Qa1 53. Qxc6 Qb1+ 54.
Ka3 Qa1+ 1/2-1/2

[Event "Druzynowe Mistrzostwa Polski Juniorow - II liga"]
[Site "Sypniewo k. Jastowia"]
[Date "2024-06-17"]
[Round "1.93"]
[White "Soroczynski, Mateusz"]
[Black "Ozog, Bartosz"]
[Result "1-0"]
[WhiteTitle "II"]
[BlackTitle "I"]
[WhiteElo "1557"]
[BlackElo "1747"]

1. e4 c5 2. Nf3 a6 3. c3 d5 4. exd5 Qxd5 5. d4 Nf6 6. Be3 cxd4 7. cxd4 e6 8. Nc3
Qd8 9. Bc4 Be7 10. O-O O-O 11. d5 b5 12. Bb3 b4 13. Na4 a5 14. Rc1 Bd7 15. Bb6
Qe8 16. Bc7 Nxd5 17. Bxd5 Bxa4 18. b3 exd5 19. bxa4 Qd7 20. Ne5 Qe6 21. Re1 Bd6
22. Nc4 Qxe1+ 23. Qxe1 Bxc7 24. Ne3 Bf4 25. Rc5 d4 26. Nf5 Nd7 27. Rd5 Nb6 28.
Rxd4 Bg5 29. Rg4 Bf6 30. Nxg7 Bxg7 31. Qe5 f6 32. Qe6+ Kh8 33. Qxb6 Rfb8 34. Qc7
Bh6 35. Qe7 Rf8 36. g3 Rae8 37. Qa7 Re5 38. Qd7 Rfe8 39. Qd6 R5e6 40. Qd4 Bg7
41. Rh4 R8e7 42. Qd3 Bf8 43. Qf5 Re5 44. Rxh7+ 1-0

[Event "Druzynowe Mistrzostwa Polski Juniorow - II liga"]
[Site "Sypniewo k. Jastowia"]
[Date "2024-06-17"]
[Round "2.1"]
[White "Kusiak, Mateusz"]
[Black "Nowak, Maciej"]
[Result "1/2-1/2"]
[WhiteTitle "k"]
[BlackTitle "I"]
[WhiteElo "2120"]
[BlackElo "1791"]

1. e4 e5 2. Nf3 Nc6 3. Nc3 Nf6 4. Bb5 Bb4 5. O-O O-O 6. d3 d6 7. Ne2 a6 8. Bxc6
bxc6 9. c3 Ba5 10. Bg5 h6 11. Bh4 Bg4 12. Qd2 Bxf3 13. gxf3 g5 14. Bg3 Nh5 15.
d4 Nf4 16. dxe5 dxe5 17. Bxf4 gxf4 18. Qxd8 Rfxd8 19. Rfd1 Kf8 20. c4 Bb6 21.
b4 Bd4 22. Nxd4 exd4 23. Rab1 Ke7 24. Rb3 Ke6 25. Ra3 a5 26. bxa5 c5 27. Rb1 Rdb8
28. Rxb8 Rxb8 29. Kf1 Ra8 30. a6 Kd6 31. Ke2 Kc6 32. e5 Kb6 33. Rb3+ Kc6 34. Kd3
Rxa6 35. Rb2 Ra3+ 36. Ke4 Rc3 37. a4 Ra3 38. Rc2 Rxa4 39. Kf5 Kd7 40. Kf6 Ke8
41. Rb2 Ra8 42. Rb1 Ra6+ 43. Kf5 Ra3 44. Kf6 Ra6+ 45. Kf5 Ra3 46. Rb5 Rxf3 47.
Rxc5 Rxf2 48. Rxc7 d3 49. Rc5 d2 50. Rd5 Rxh2 51. Kxf4 Rh4+ 52. Kf5 Rxc4 53. Rxd2
Ke7 54. Rh2 Rc6 55. Rh3 Ra6 56. Ke4 1/2-1/2

[Event "Druzynowe Mistrzostwa Polski Juniorow - II liga"]
[Site "Sypniewo k. Jastowia"]
[Date "2024-06-17"]
[Round "2.2"]
[White "Wieckowski, Igor"]
[Black "Zieba, Hubert"]
[Result "0-1"]
[WhiteTitle "I"]
[BlackTitle "I+"]
[WhiteElo "1623"]
[BlackElo "2012"]

1. Nf3 Nf6 2. c4 c5 3. g3 g6 4. Bg2 Bg7 5. O-O O-O 6. Nc3 d5 7. cxd5 Nxd5 8. Nh4
Be6 9. d3 Nc6 10. Bd2 b6 11. Rc1 Qd7 12. Nxd5 Bxd5 13. Bc3 Nd4 14. e3 Nc6 15.
Qc2 Rac8 16. Bxg7 Kxg7 17. Bxd5 Qxd5 18. Qc4 Rfd8 19. Rfd1 Ne5 20. Qxd5 Rxd5 21.
d4 Rcd8 22. f4 Ng4 23. Ng2 cxd4 24. exd4 Rxd4 25. Rxd4 Rxd4 26. h3 Nf6 27. Rc7
Rd7 28. Rxd7 Nxd7 29. Kf2 Kf6 30. Ke3 e5 31. b4 Ke6 32. fxe5 Kxe5 33. Nf4 Nf6
34. Nd3+ Kd5 35. Nb2 Ne4 36. g4 Nd6 37. Kd3 f5 38. gxf5 Nxf5 39. Nd1 Ke5 40. Nc3
Nd6 41. a4 g5 42. Ne2 h5 43. Nd4 Kd5 44. b5 g4 45. hxg4 hxg4 46. Nc6 a5 47. Ne7+
Kc5 48. Nc6 Nc4 49. Ke4 Nb2 50. Kf4 Nxa4 0-1

[Event "Druzynowe Mistrzostwa Polski Juniorow - II liga"]
[Site "Sypniewo k. Jastowia"]
[Date "2024-06-17"]
[Round "2.3"]
[White "Futyma, Dawid"]
[Black "Szmolke, Stanislaw"]
[Result "1/2-1/2"]
[WhiteTitle "I"]
[BlackTitle "I"]
[WhiteElo "1866"]
[BlackElo "1760"]

1. Nf3 Nf6 2. d4 e6 3. e3 b6 4. Bd3 Bb7 5. O-O d5 6. Nbd2 Nbd7 7. b3 Be7 8. Bb2
O-O 9. Ne5 Ne4 10. f4 f6 11. Nxd7 Qxd7 12. Nxe4 dxe4 13. Be2 f5 14. g4 g6 15.
g5 Rfd8 16. h4 Rac8 17. Qe1 c5 18. Rd1 Qc7 19. Bc4 Bd5 20. dxc5 Bf8 21. cxb6 axb6
22. Qc3 Bg7 23. Qxg7+ Qxg7 24. Bxg7 Kxg7 25. Bxd5 Rxd5 26. c4 Rd3 27. Rxd3 exd3
28. Rd1 Rd8 29. Kf2 Kf7 30. Ke1 e5 31. fxe5 Ke6 32. Kd2 Kxe5 33. Rf1 Ra8 34. a4
Rd8 35. Rf4 Rd7 36. Rf1 Ke4 37. b4 Ra7 38. Rf4+ Ke5 39. a5 bxa5 40. bxa5 Rxa5
41. Rd4 Ke6 42. Kxd3 Ra1 43. c5 Ra3+ 44. Ke2 Rc3 45. Rd6+ Ke7 46. Ra6 Rxc5 47.
Ra7+ Kf8 48. Rxh7 Rc4 49. h5 gxh5 50. Rxh5 Kg7 51. Rh6 Rg4 52. Kf3 Rxg5 53. Rc6
Rg1 54. Kf4 Rf1+ 55. Kg5 Rf3 56. Re6 Kf7 57. Re5 f4 58. exf4 Rg3+ 59. Kf5 Rh3
60. Kg4 Rh1 61. Ra5 Kf6 62. Ra6+ Kf7 63. Kg5 Rg1+ 64. Kf5 Rb1 65. Ra7+ Kf8 66.
Kg5 Rb5+ 67. f5 Rb6 68. Rc7 Rb2 69. Kg6 Rg2+ 70. Kf6 Ke8 71. Re7+ Kf8 72. Ra7
Kg8 73. Ra8+ Kh7 74. Rf8 Re2 75. Kf7 Re5 76. f6 Ra5 77. Re8 Ra7+ 78. Re7 Ra8 79.
Re6 Rb8 80. Re7 Ra8 81. Rd7 Rb8 82. Rd6 Ra8 83. Re6 Ra7+ 84. Re7 Ra8 85. Ke6+
Kg8 86. Rg7+ Kf8 87. Rf7+ Kg8 88. Rd7 Kf8 89. Rd5 Rb8 90. Kf5 Rb1 91. Re5 Rf1+
92. Ke6 Ra1 93. Re4 Ra6+ 94. Kf5 Ra1 95. Rg4 Kf7 96. Rg7+ Kf8 97. Rg2 Kf7 98.
Rg7+ Kf8 99. Re7 Rf1+ 100. Ke6 Re1+ 101. Kd6 Rd1+ 102. Ke6 1/2-1/2

[Event "Druzynowe Mistrzostwa Polski Juniorow - II liga"]
[Site "Sypniewo k. Jastowia"]
[Date "2024-06-17"]
[Round "2.4"]
[White "Wasiluk, Dominik"]
[Black "Panasiuk, Stanislaw"]
[Result "0-1"]
[WhiteTitle "I"]
[BlackTitle "II"]
[WhiteElo "1709"]
[BlackElo "1445"]

1. e4 e5 2. Nf3 Nc6 3. d4 exd4 4. Bc4 Bc5 5. c3 Nf6 6. Bg5 d6 7. cxd4 Bb6 8. O-O
h6 9. Bh4 g5 10. d5 Na5 11. Bd3 gxh4 12. b4 Bg4 13. bxa5 Bxf3 14. Qxf3 Bd4 15.
Bb5+ Nd7 16. Nc3 Rg8 17. Rad1 Be5 18. Qh3 Rc8 19. f4 Bxc3 20. Qxc3 Kf8 21. Bxd7
Qxd7 22. e5 Qg4 23. Rd2 Qg7 24. Qh3 Qg4 25. Qa3 Qd7 26. f5 Rg5 27. e6 Qe8 28.
Qb2 Kg8 29. Qf6 Qf8 30. Qb2 b6 31. axb6 axb6 32. f6 Kh7 33. Qc2+ Rg6 34. Rd4 h3
35. g3 Qg8 36. Qf5 Re8 37. Qxh3 c5 38. Ra4 Rg5 39. Ra7 Rf8 40. Qh4 Qg6 41. e7
Re8 42. Rd7 Rf5 43. Re1 Rxf6 44. Rd8 Rxe7 45. Rd1 Re5 46. Qa4 Qf5 47. Rc1 Qf2+
48. Kh1 Re1+ 49. Rxe1 Qxe1+ 50. Kg2 Qf1# 0-1

[Event "Druzynowe Mistrzostwa Polski Juniorow - II liga"]
[Site "Sypniewo k. Jastowia"]
[Date "2024-06-17"]
[Round "2.5"]
[White "Tokarz, Izabela"]
[Black "Nowak, Zuzanna"]
[Result "1-0"]
[WhiteTitle "k"]
[BlackTitle "I++"]
[WhiteElo "1966"]
[BlackElo "1725"]

1. e4 e5 2. Nc3 Nc6 3. Bc4 Nf6 4. d3 Bc5 5. f4 d6 6. Nf3 Qe7 7. Na4 Bb6 8. Nxb6
axb6 9. c3 exf4 10. O-O Bg4 11. Bb5 O-O 12. Bxc6 bxc6 13. h3 Bh5 14. Bxf4 Rfe8
15. Qd2 Nd7 16. Nd4 Ne5 17. Nf5 Qe6 18. b3 f6 19. Rae1 c5 20. d4 cxd4 21. cxd4
Nf7 22. Qf2 Bg6 23. Ng3 Ra5 24. Re2 Qd7 25. Rfe1 Qb5 26. h4 Qd7 27. b4 Rb5 28.
Bd2 Ra8 29. Qf3 Nd8 30. a4 Rxa4 31. Qb3+ Ne6 32. Qxa4 Nxd4 33. Rf2 Be8 34. Bc3
Qg4 35. Qa8 Kf7 36. Bxd4 Qxg3 37. Qd8 c5 38. Qc7+ Kf8 39. Re3 Qg6 40. Qxd6+ Kg8
41. Bxf6 h5 42. Rg3 1-0

[Event "Druzynowe Mistrzostwa Polski Juniorow - II liga"]
[Site "Sypniewo k. Jastowia"]
[Date "2024-06-17"]
[Round "2.6"]
[White "Pietraszewska, Julia"]
[Black "Tokarz, Gabriela"]
[Result "0-1"]
[WhiteTitle "II"]
[BlackTitle "I++"]
[WhiteElo "1482"]
[BlackElo "1911"]

1. e4 c5 2. Nf3 e6 3. c3 d5 4. exd5 Qxd5 5. d4 Nf6 6. Bd3 Nc6 7. O-O cxd4 8. cxd4
Be7 9. Bg5 Nxd4 10. Qa4+ Nc6 11. Rd1 Qa5 12. Bb5 Qxa4 13. Bxa4 h6 14. Bxc6+ bxc6
15. Be3 Nd5 16. Bd4 O-O 17. Nc3 f6 18. Nxd5 cxd5 19. Nh4 Kh7 20. f4 Bd6 21. g3
Ba6 22. Kg2 e5 23. fxe5 fxe5 24. Bf2 g5 25. Nf3 Be2 26. Rxd5 Bxf3+ 27. Kg1 Bxd5
28. Rd1 Be4 29. Rxd6 Rac8 30. Rd7+ Kg6 31. Rd6+ Kh5 32. Rd1 Rc2 33. Rf1 Bd3 34.
Rd1 Rcxf2 35. Rxd3 Rf1+ 36. Kg2 R8f2+ 37. Kh3 g4# 38. Rd4 0-1

[Event "Druzynowe Mistrzostwa Polski Juniorow - II liga"]
[Site "Sypniewo k. Jastowia"]
[Date "2024-06-17"]
[Round "2.7"]
[White "Klim, Filip"]
[Black "Jendrowiak, Maciej"]
[Result "1/2-1/2"]
[WhiteTitle "k"]
[BlackTitle "I"]
[WhiteElo "1914"]
[BlackElo "2049"]

1. e4 c5 2. Nf3 d6 3. d4 cxd4 4. Nxd4 Nf6 5. Nc3 g6 6. Be3 Bg7 7. f3 O-O 8. Qd2
Nc6 9. O-O-O d5 10. Qe1 e5 11. Nxc6 bxc6 12. exd5 Nxd5 13. Bc4 Be6 14. Kb1 Re8
15. Ne4 f5 16. Ng5 Bc8 17. h4 h6 18. Ne4 Be6 19. Bb3 Qc7 20. Nc5 Bf7 21. Bf2 e4
22. fxe4 fxe4 23. Bd4 Bxd4 24. Rxd4 e3 25. Rf1 e2 26. Rf2 Qa5 27. Nd3 Qb6 28.
c3 Nxc3+ 29. Qxc3 Bxb3 30. Rd7 Bxa2+ 31. Ka1 e1=Q+ 32. Nxe1 Rxe1+ 33. Qxe1 Qa6
34. Qe7 Be6+ 35. Kb1 Qa2+ 36. Kc1 Bxd7 37. Qxd7 Qc4+ 38. Kb1 Qe4+ 39. Rc2 c5 40.
Qd2 Rf8 41. b3 Rf1+ 42. Ka2 Qd4 43. Qxd4 cxd4 44. Rd2 Rf4 45. h5 gxh5 46. Ka3
Kf7 47. Kb4 Ke6 48. Ra2 Kd5 49. Rxa7 Rf8 50. Ra5+ Ke4 51. Rxh5 Rd8 52. Rxh6 Ke3
53. Kc5 d3 54. Rh3+ Ke2 55. g4 d2 56. Rh1 Rf8 57. Ra1 Kd3 58. Rd1 Rc8+ 59. Kd5
Rb8 60. Ke6 Rb6+ 61. Kf7 Rb5 62. Kf6 Ke2 63. Rxd2+ Kxd2 64. g5 Rb6+ 65. Kf7 Rb7+
66. Kf6 Ke3 67. g6 Rxb3 68. g7 Rb8 69. Kf7 Rb7+ 70. Kf8 Rxg7 71. Kxg7 1/2-1/2

[Event "Druzynowe Mistrzostwa Polski Juniorow - II liga"]
[Site "Sypniewo k. Jastowia"]
[Date "2024-06-17"]
[Round "2.8"]
[White "Wierzbicki, Dawid"]
[Black "Urych, Krzysztof"]
[Result "1/2-1/2"]
[WhiteTitle "I"]
[BlackTitle "I"]
[WhiteElo "1948"]
[BlackElo "1782"]

1. d4 Nf6 2. g3 d5 3. Bg2 e6 4. Nf3 Be7 5. O-O O-O 6. b3 b6 7. Bb2 Bb7 8. Nbd2
Nbd7 9. c4 c5 10. e3 dxc4 11. Nxc4 Rc8 12. Qe2 cxd4 13. Nxd4 Bxg2 14. Kxg2 Qc7
15. f4 b5 16. Nd2 Qb7+ 17. Qf3 Qb6 18. Rac1 Nc5 19. e4 Rfd8 20. e5 Nd5 21. a3
Qb7 22. Kh3 a6 23. g4 Rd7 24. Kg3 Rdc7 25. h4 Nb6 26. Qxb7 Nxb7 27. Ne4 Nc5 28.
Nxc5 Bxc5 29. b4 Bxd4 30. Rxc7 Bxb2 31. Rxc8+ Nxc8 32. Rb1 Bd4 33. Rc1 Ne7 34.
Rd1 Bb6 35. Rd6 Nd5 36. f5 Bc7 37. Rxa6 Bxe5+ 38. Kf3 Nc7 39. Rb6 Kf8 40. Ke4
Bg3 41. h5 exf5+ 42. Kxf5 Ke7 43. g5 Bf2 44. Rc6 Kd7 45. Rc2 Bb6 46. Rd2+ Ke7
47. Re2+ Ne6 48. g6 hxg6+ 49. hxg6 fxg6+ 50. Kxg6 Kd6 51. Ra2 Bd4 52. a4 Kc6 53.
Kf5 Nc7 54. Rc2+ Kb7 55. axb5 Nxb5 56. Kg6 Kb6 57. Re2 Bf6 58. Re6+ Kb7 59. Rxf6
1/2-1/2

[Event "Druzynowe Mistrzostwa Polski Juniorow - II liga"]
[Site "Sypniewo k. Jastowia"]
[Date "2024-06-17"]
[Round "2.9"]
[White "Lesik, Sebastian"]
[Black "Oles, Mateusz"]
[Result "0-1"]
[WhiteTitle "I"]
[BlackTitle "I"]
[WhiteElo "1845"]
[BlackElo "1771"]

1. d4 Nf6 2. c4 g6 3. h4 d6 4. Nc3 Bg7 5. e4 O-O 6. Be2 e5 7. d5 a5 8. h5 Na6 9.
hxg6 fxg6 10. Bg5 Qd7 11. Nf3 Nc5 12. Rh4 Qf7 13. Qd2 Ng4 14. Be3 Nxe3 15. Qxe3
Bf6 16. Rh2 Be7 17. O-O-O Qf4 18. Qxf4 Rxf4 19. g3 Rf7 20. Kd2 Bd7 21. Rdh1 Raf8
22. Ke1 Bd8 23. Nd2 Bg5 24. Rf1 Kg7 25. Nb3 Nxb3 26. axb3 Bc1 27. Nd1 a4 28. b4
a3 29. bxa3 Bxa3 30. Ne3 Bxb4+ 31. Kd1 Bc5 32. Rfh1 h5 33. g4 Rxf2 34. Nf1 Rxe2
35. Kxe2 Bxg4+ 36. Kd3 Bf3 37. Nd2 Bxh1 38. Rxh1 Ra8 39. Rb1 Ra3+ 40. Ke2 Re3+
41. Kd1 Bb6 42. c5 Bxc5 43. Rxb7 Bb6 44. Nc4 Rb3 45. Kc2 Rb5 46. Nxd6 Rc5+ 47.
Kd3 Kf6 48. Nc4 Ba5 49. Nxa5 Rxa5 50. Rxc7 h4 51. Rh7 Kg5 52. d6 Ra6 53. d7 Rd6+
54. Ke3 Kg4 55. Kf2 g5 56. Rg7 Kf4 57. Kg2 Rd3 58. Kh2 Kg4 59. Kg2 h3+ 60. Kh2
Rd2+ 61. Kh1 Kf4 62. Kg1 g4 63. Kf1 Kg3 64. Rh7 Kh2 65. Rg7 g3 66. Ke1 Rd4 67.
Kf1 g2+ 68. Kf2 Kh1 69. Rg3 Rd2+ 70. Kf3 g1=Q 71. Rxh3+ Qh2 72. Rxh2+ Kxh2 73.
Kg4 Rxd7 74. Kf5 Re7 0-1

[Event "Druzynowe Mistrzostwa Polski Juniorow - II liga"]
[Site "Sypniewo k. Jastowia"]
[Date "2024-06-17"]
[Round "2.10"]
[White "Seemann, Adam"]
[Black "Mroczkowski, Adam"]
[Result "1-0"]
[WhiteTitle "II"]
[BlackTitle "I"]
[WhiteElo "1596"]
[BlackElo "1714"]

1. e4 e5 2. Nc3 Nc6 3. Bc4 Bc5 4. Qg4 g6 5. Qf3 Nf6 6. Nge2 d6 7. d3 Bg4 8. Qg3
h6 9. a3 Qd7 10. h3 Bh5 11. Bd2 O-O-O 12. O-O-O Nd4 13. Rde1 g5 14. Nxd4 Bxd4
15. h4 g4 16. Nb5 Bb6 17. Be3 Kb8 18. Bxb6 axb6 19. Nc3 Bg6 20. f3 c6 21. Bb3
gxf3 22. Qxf3 Nh5 23. Rhf1 Nf4 24. g3 Bh5 25. Qf2 Ne6 26. Qf5 Bg6 27. Bxe6 Qxe6
28. Qxe6 fxe6 29. Rf6 Bh5 30. Rxe6 Bg4 31. Rf6 h5 32. Ref1 Rd7 33. Nd1 Rg8 34.
Ne3 Kc7 35. Nxg4 Rxg4 36. R1f3 Rdg7 37. Rf7+ Kd8 38. Rxg7 Rxg7 39. Rf5 Rh7 40.
Kd2 Ke7 41. Ke3 Ke6 42. c3 b5 43. d4 b6 44. dxe5 dxe5 45. Kf3 c5 46. g4 hxg4+
47. Kxg4 Rg7+ 48. Rg5 Rf7 49. Rg6+ Ke7 50. Rxb6 Rf4+ 51. Kg5 Rxe4 52. h5 Kf7 53.
Kf5 Rh4 54. Rb7+ Kg8 55. Kxe5 Rxh5+ 56. Kd6 b4 57. axb4 cxb4 58. Rxb4 Kf7 59.
Rb7+ Ke8 60. b4 Rh6+ 61. Kc5 Kd8 62. c4 Rh5+ 63. Kb6 Rh6+ 64. Kb5 Kc8 65. Rg7
Kb8 66. c5 Rh8 67. Kb6 Ka8 68. c6 Rb8+ 69. Rb7 Rxb7+ 70. cxb7+ Kb8 71. Ka6 1-0

[Event "Druzynowe Mistrzostwa Polski Juniorow - II liga"]
[Site "Sypniewo k. Jastowia"]
[Date "2024-06-17"]
[Round "2.11"]
[White "Dzierzgowska, Jagoda"]
[Black "Seemann, Pola"]
[Result "0-1"]
[WhiteTitle "I"]
[BlackTitle "k"]
[WhiteElo "1458"]
[BlackElo "1935"]

1. d4 d5 2. c4 e6 3. Nc3 Nf6 4. Nf3 Be7 5. Bf4 O-O 6. e3 b6 7. Be2 dxc4 8. Bxc4
Ba6 9. Bxa6 Nxa6 10. a3 c5 11. dxc5 Nxc5 12. Ne5 Qc8 13. O-O Qb7 14. b4 Rfd8 15.
Qe2 Ncd7 16. Nxd7 Rxd7 17. Rfd1 Rc8 18. Nb5 Nd5 19. Qf3 a6 20. Nd4 Bf6 21. Nb3
Bxa1 22. Rxa1 Nxf4 23. Qxf4 Qd5 24. Qd4 Qc6 25. Qb2 Qc3 26. Qxc3 Rxc3 27. Nd4
e5 28. Nf3 f6 29. h3 Rdd3 30. a4 Ra3 0-1

[Event "Druzynowe Mistrzostwa Polski Juniorow - II liga"]
[Site "Sypniewo k. Jastowia"]
[Date "2024-06-17"]
[Round "2.12"]
[White "Pierchala, Emilia"]
[Black "Jankiewicz, Lucja"]
[Result "0-1"]
[WhiteTitle "II"]
[BlackTitle "II+"]
[WhiteElo "1406"]
[BlackElo "1451"]

1. e4 e5 2. Nf3 Nc6 3. Bc4 Bc5 4. c3 Nf6 5. b4 Bb6 6. d3 h6 7. Nbd2 d6 8. h3 Be6
9. O-O O-O 10. a4 a5 11. b5 Ne7 12. Qb3 Bd7 13. Re1 Ng6 14. Nf1 Nh5 15. Ne3 Nhf4
16. Nd5 Nh5 17. Nxb6 cxb6 18. Be3 Nhf4 19. Rad1 Be6 20. d4 Bxc4 21. Qxc4 Rc8 22.
Qb3 Qf6 23. dxe5 dxe5 24. Rd2 Nxh3+ 25. Kf1 Nhf4 26. Red1 Rfd8 27. Rd7 Rxd7 28.
Rxd7 Rb8 29. Qc4 Rd8 30. Qc7 Rxd7 31. Qxd7 Nh4 32. Qe8+ Kh7 33. Nxe5 Nfxg2 34.
Bd4 Qf4 35. Nxf7 Qc1+ 36. Ke2 Nf4# 0-1

[Event "Druzynowe Mistrzostwa Polski Juniorow - II liga"]
[Site "Sypniewo k. Jastowia"]
[Date "2024-06-17"]
[Round "2.13"]
[White "Frac, Piotr"]
[Black "Skrzypinski, Jan"]
[Result "1/2-1/2"]
[WhiteTitle "I"]
[BlackTitle "I++"]
[WhiteElo "1900"]
[BlackElo "1942"]

1. e4 c5 2. Nf3 d6 3. d4 cxd4 4. Nxd4 Nf6 5. Nc3 a6 6. f3 e5 7. Nb3 Be6 8. Be3
h5 9. Nd5 Nbd7 10. c4 Bxd5 11. exd5 Be7 12. Qd2 a5 13. Be2 b6 14. O-O Nc5 15.
f4 Nfd7 16. fxe5 Nxe5 17. Nd4 Rc8 18. Rac1 g6 19. Qc2 Ne4 20. Rce1 Nf6 21. Kh1
Nxd5 22. cxd5 Rxc2 23. Bb5+ Kf8 24. Ne6+ Kg8 25. Nxd8 Bxd8 26. Bd4 Kg7 27. Bxe5+
dxe5 28. Rxe5 Bf6 29. Re2 Rhc8 30. Rxc2 Rxc2 31. d6 Rd2 32. d7 Bd4 33. g3 Bc5
1/2-1/2

[Event "Druzynowe Mistrzostwa Polski Juniorow - II liga"]
[Site "Sypniewo k. Jastowia"]
[Date "2024-06-17"]
[Round "2.14"]
[White "Stachowiak, Bruno"]
[Black "Grech, Kacper"]
[Result "0-1"]
[WhiteTitle "II+"]
[BlackTitle "II+"]
[WhiteElo "1815"]
[BlackElo "1822"]

1. e4 c5 2. Nf3 g6 3. Bc4 Bg7 4. O-O Nc6 5. c3 e6 6. Re1 Nge7 7. d4 cxd4 8. cxd4
d5 9. exd5 exd5 10. Bb5 O-O 11. Bg5 Qd6 12. Qd2 Bg4 13. Bf4 Qb4 14. Qxb4 Nxb4
15. Rxe7 Bxf3 16. gxf3 Nc2 17. Na3 Nxa1 18. Re1 Bxd4 19. Bd6 Rfd8 20. Be7 Re8
21. Bxe8 Rxe8 22. Kf1 Bxb2 23. Nb5 Nc2 24. Re2 Nd4 25. Rxb2 Nxb5 26. Rxb5 Rxe7
27. Rxd5 f5 28. h4 Kf7 29. h5 Ke6 30. Rb5 Kd6 31. hxg6 hxg6 32. Kg2 Kc6 33. Rb2
b5 34. Kg3 a5 35. Kf4 b4 36. Kg5 Re6 37. a3 Kb5 38. axb4 axb4 39. Rb1 Kc4 40.
Rc1+ Kb3 41. Rc8 Kb2 0-1

[Event "Druzynowe Mistrzostwa Polski Juniorow - II liga"]
[Site "Sypniewo k. Jastowia"]
[Date "2024-06-17"]
[Round "2.15"]
[White "Dobrowolski, Kamil"]
[Black "Soroczynski, Mateusz"]
[Result "1-0"]
[WhiteTitle "II+"]
[BlackTitle "II"]
[WhiteElo "1801"]
[BlackElo "1557"]

1. e4 c5 2. Nf3 Nc6 3. d4 cxd4 4. Nxd4 g6 5. Nc3 Bg7 6. Be3 Nf6 7. Nb3 O-O 8. f3
d6 9. Qd2 a6 10. O-O-O b5 11. Kb1 b4 12. Nd5 a5 13. Bb5 Ne5 14. Bb6 Nc4 15. Bxc4
Qd7 16. Nxf6+ Bxf6 17. Bd4 e5 18. Be3 Be7 19. Bh6 Rd8 20. Qd5 Bf6 21. Qxa8 a4
22. Nc1 Qc7 23. Bd5 Bd7 24. Qb7 Qa5 25. Bxf7+ Kxf7 26. Qd5+ Qxd5 27. Rxd5 Be6
28. Ra5 a3 29. Ra7+ Ke8 30. bxa3 bxa3 31. h4 Rb8+ 32. Nb3 d5 33. Bg5 Bxg5 34.
hxg5 dxe4 35. Rhxh7 Kf8 36. fxe4 Rd8 37. Rxa3 Rd1+ 38. Kb2 Rd8 39. Ra6 Bf7 40.
Rf6 Rd7 41. Rfxf7+ Rxf7 42. Rxf7+ Kxf7 43. a4 1-0

[Event "Druzynowe Mistrzostwa Polski Juniorow - II liga"]
[Site "Sypniewo k. Jastowia"]
[Date "2024-06-17"]
[Round "2.16"]
[White "Jasinski, Bartlomiej"]
[Black "Sakharchuk, Aliaksandr"]
[Result "0-1"]
[WhiteTitle "II"]
[BlackTitle "I"]
[WhiteElo "1489"]
[BlackElo "1711"]

1. d4 Nf6 2. Bf4 d5 3. e3 c5 4. Nd2 Nc6 5. c3 Bf5 6. Qb3 Qb6 7. Qxb6 axb6 8. Ngf3
e6 9. Nh4 Bg6 10. Nxg6 hxg6 11. Nf3 c4 12. Be2 b5 13. O-O Ne4 14. Ng5 Nxg5 15.
Bxg5 Bd6 16. Bf4 Bxf4 17. exf4 b4 18. a3 bxa3 19. Rxa3 Rxa3 20. bxa3 Kd7 21. Rb1
Kc7 22. a4 Ra8 23. Bd1 Na5 24. Kf1 Nb3 25. Bxb3 cxb3 26. Rxb3 Rxa4 27. Rb2 Ra3
28. Rc2 Kc6 29. Ke2 b5 30. Kd2 Ra1 31. g3 Kb6 32. h4 Ka5 33. Rb2 Ra4 34. Rc2 Kb6
35. Rb2 Rc4 36. Rb4 Ka5 37. Rb2 b4 38. cxb4+ Rxb4 39. Rc2 Rxd4+ 40. Ke3 Rc4 41.
Ra2+ Kb6 42. Rb2+ Kc7 43. Ra2 Kd7 44. Ra7+ Rc7 45. Ra8 Ke7 46. Rg8 Kf6 47. g4
Rc3+ 48. Ke2 Rh3 0-1

[Event "Druzynowe Mistrzostwa Polski Juniorow - II liga"]
[Site "Sypniewo k. Jastowia"]
[Date "2024-06-17"]
[Round "2.18"]
[White "Kubacka, Patrycja"]
[Black "Popczynska, Michalina"]
[Result "0-1"]
[WhiteTitle "II"]
[BlackTitle "I"]
[WhiteElo "1430"]
[BlackElo "1857"]

1. e4 c5 2. c3 d5 3. exd5 Qxd5 4. d4 Nc6 5. Nf3 e6 6. Be3 cxd4 7. Nxd4 Nf6 8. Nd2
Be7 9. Qb3 Qd7 10. Nxc6 bxc6 11. Rd1 Qc7 12. g3 O-O 13. Nf3 Nd5 14. Bd2 Rb8 15.
Qc2 Qb6 16. b3 Bc5 17. Bc1 Nxc3 18. Ng5 Bxf2+ 19. Qxf2 Qxf2+ 20. Kxf2 Nxd1+ 21.
Ke1 Nc3 22. Bd3 h6 23. Nf3 Nxa2 24. Kd2 Rd8 25. Kc2 Nb4+ 26. Kd2 Rxd3+ 27. Ke2
Ba6 28. Kf2 c5 29. Kg2 Rxf3 30. Kxf3 Bb7+ 31. Kf2 Bxh1 32. Ke2 Rd8 33. Bf4 e5
34. Be3 Nd3 35. h4 e4 36. g4 Bf3+ 37. Kf1 Rb8 38. g5 Rxb3 39. gxh6 Rb1+ 40. Bc1
Rxc1# 0-1